00485nam a22001697a 450000500170000001000130001702000110003003500120004103700180005308200110007110000520008224500580013424600520019225000090024426000300025330000320028320151106152925.0 aPUN-7790 c250.00 aPN-6908 aunistar books a260.33 aਮਿਨਹਾਸ,ਰਣਜੀਤ ਸਿੰਘ aਸਾਖੀਆਂ ਗੁਰੂ ਘਰ ਕੀਆਂ / aSakhian Guru Ghar Kiyanbby Ranjit Singh Minhas a2011 aChandigarhbUnistar Books aPg.212b22cmਸਜਿਲਦ